| 000 | 00486 a2200169 4500 | ||
|---|---|---|---|
| 003 | NUST | ||
| 005 | 20230201123526.0 | ||
| 040 | _cNust | ||
| 082 | _a942,KIN | ||
| 100 |
_aKing Hall, Stephen _948826 |
||
| 245 |
_aThe Empire / _bYesterday and To-day |
||
| 260 |
_aLondon _bOxford _c1937 |
||
| 300 | _a100:p. | ||
| 505 | _aThe Growth Of The Empire (Page-10), The British Commonwealth Of Nations 1937 (Page-55). | ||
| 650 |
_aHistory , Great Britain _9108365 |
||
| 942 |
_2ddc _cBK _k942,KIN |
||
| 999 |
_c187224 _d187224 |
||